000 00537nmm a2200181Ia 4500
008 251105s9999||||xx |||||||||||||||||und||
020 _a9788418223136
041 _aspa
100 _aPariente, Jacinto
245 0 _aTao Te Ching :
_b Un libro sobre el Camino y la Virtud
264 _a[Madrid, España] :
_bKōan Libros,
_c2020
300 _a144 páginas
650 _aPhilosophy, Ethics
700 _aPariente, Jacinto
700 1 _a Le Guin, Ursula K.
856 _uhttps://public.digitaliapublishing.com/a/100025
942 _cCF
999 _c69767
_d69767